| 000 | 00769nam a22002175i 4500 | ||
|---|---|---|---|
| 001 | 12441 | ||
| 003 | ES-MaACL | ||
| 005 | 20230906150319.0 | ||
| 007 | t| | ||
| 008 | 940902s1994 sp ||||0| spa j | ||
| 040 |
_aM-BN _bspa _cM-BN |
||
| 080 | _a75 Fernandez Reolid, Francisco (064.3) | ||
| 100 | 1 |
_aFernández Reolid, Francisco. _950026 |
|
| 245 | 1 | 0 |
_aExposición F. Reolid _b: serie blanca : [sala de exposiciones "La Lonja"]. |
| 260 |
_a[Madrid : _bJunta Municipal de Arganzuela], _cD.L. 1994. |
||
| 300 |
_a[12] p., 72 p. de lám. col ; _c30 cm. |
||
| 500 | _aTít. tomado de la cub. | ||
| 600 | 1 | 4 |
_aFernández Reolid, Francisco- _vExposiciones. _950027 |
| 710 | 1 |
_aMadrid. _bJunta Municipal de Arganzuela. _95624 |
|
| 852 |
_aES-MaACL _jL-19678 _bR.123648 |
||
| 999 |
_c12441 _d12441 |
||